ბათუმის შოთა რუსთაველის სახელმწიფო უნივერსიტეტის ბიბლიოთეკა

ანთროპოსოფია : (ბიბ.ჩანაწერი № 59709)

000 -ლიდერი
ფიქსირებული სიგრძის საკონტროლო ველი 01769nam a22002297a 4500
003 - საკონტროლო ნომრის იდენტიფიკატორი
საკონტროლო ველი Ge_BSU
005 - ბოლო ოპერაციის თარიღი და დრო
საკონტროლო ველი 20230404173558.0
008 - ფიქსირებული სიგრძის მონაცემთა ელემენტები - ზოგადი ინფორმაცია
ფიქსირებული სიგრძის საკონტროლო ველი 230404s1998 ge ||||| |||| 00| 0 geo d
041 ## - ენის კოდი
Language code of text/sound track or separate title geo
080 ## - უნივერსალური ათობითი კლასიფიკაციის ინდექსი
Universal Decimal Classification number 141.333 შ-88
100 ## - მთავარი ჩანაწერი - პიროვნების სახელი
Personal name შტაინერი, რუდოლფ
9 (RLIN) 3841
245 ## - ცნობა სათაურის შესახებ
Title ანთროპოსოფია :
Remainder of title ანთროპოსოფიული მსოფლმხედველობის შესავალი : 1924 წლის 19 იანვრიდან 10 თებერვლამდე დორნახში წაკითხული 9 ლექცია /
Statement of responsibility, etc რუდოლფ შტაინერი; მთარგმნელი მაია ბადრიძე; რედაქტორ-გამომცემელი ამირან კვარაცხელია; მხატვარი რამაზ შალამბერიძე.
264 ## - წარმოების, გამოცემის, დისტრიბუციის და სხვა ცნობები
გამოცემის, წარმოების, დისტრიბუციის... ადგილი თბილისი :
გამოცემის, წარმოების, დისტრიბუციის... თარიღი 1998.
300 ## - ფიზიკური აღწერა
Extent 159 გვ. ;
Other physical details 20 სმ.
500 ## - ზოგადი შენიშვნა
General note დამატებითი სატიტულო გვერდი გერმ. ენაზე.
501 ## - შენიშვნა თანმხლებ მასალაზე
With note თარგმანი შესრულებულია 1974 წლის გერმანული გამოცემის მიხედვით (დორნახი, შვეიცარია).
653 ## - INDEX TERM--UNCONTROLLED
Uncontrolled term ანთროპოსოფია
700 ## - ADDED ENTRY--PERSONAL NAME
Personal name ბადრიძე, მაია
Relator term მთარგმნელი.
9 (RLIN) 12136
700 ## - ADDED ENTRY--PERSONAL NAME
Personal name კვარაცხელია, ამირან
Relator term რედაქტორი, გამომცემელი.
9 (RLIN) 17474
700 ## - ADDED ENTRY--PERSONAL NAME
Personal name შალამბერიძე, რამაზ
Relator term მხატვარი
9 (RLIN) 17475
942 ## - ADDED ENTRY ELEMENTS (KOHA)
Source of classification or shelving scheme
Koha item type წიგნი
ეგზემპლარები
ჩამოწერის სტატუსი დაკარგული ეგზემპლარის სტატუსი კლასიფიკაციის წყარო ან თაროზე გაწყობის სქემა დაზიანების სტატუსი არ გაიცემა მუდმივი მდებარეობა (დაცვის ადგილი) ამჟამინდელი ადგილსამყოფელი თაროზე განთავსების ადგილი შეძენის თარიღი ღირებულება, შესყიდვის ნორმალური ფასი სრული შენახვის შიფრი შტრიხკოდი ბოლო ოპერაციის თარიღი ეგზემპლარის მიმდევრობითი ნომერი (კეტერი?) Uniform Resource Identifier ფასის ძალაში შესვლის თარიღი ეგზემპლარის სახეობა საჯარო შენიშვნა
          ბათუმის შოთა რუსთაველის სახელმწიფო უნივერსიტეტის მთავარი ბიბლიოთეკა ბათუმის შოთა რუსთაველის სახელმწიფო უნივერსიტეტის მთავარი ბიბლიოთეკა წიგნსაცავი 2023-04-04 6.00 141.333 შ-88 64142 2023-04-04 64142 ბსუ-ს საპატიო დოქტორის გურამ ლორთქიფანიძის საჩუქარი 2023-04-04 წიგნი 6 ლ.